[Event "AUTO-OPEN-3348"]
[Site "http://www.queenalice.com/game.php?id=1313529"]
[Date "2014.10.8"]
[Round "1"]
[White "NPS_VIP_BLACKJACK"]
[Black "NPS_Farwizah89"]
[Result "0-1"]
[WhiteElo "1165"]
[BlackElo "1460"]

1. d4 d5 2. Bg5 Nc6 3. e3 Bf5 4. Qf3 Bxc2 5. Nc3 Qd6 6. Nxd5 Qb4+ 7. Nxb4 Nxb4
8. Qxb7 Kd8 9. Qxa8+ Kd7 10. Kd2 Nf6 11. Kc3 Ne4+ 12. Kxb4 f6 13. Bf4 h6 0-1

[Event "AUTO-OPEN-3348"]
[Site "http://www.queenalice.com/game.php?id=1313530"]
[Date "2014.10.8"]
[Round "1"]
[White "NPS_Farwizah89"]
[Black "NPS_VIP_BLACKJACK"]
[Result "1-0"]
[WhiteElo "1452"]
[BlackElo "1165"]

1. d4 Nc6 2. c3 e6 3. Be3 e5 4. Nf3 Qf6 5. Nxe5 Nxe5 6. dxe5 Qxe5 7. Nd2 d5 8.
Nf3 Qe4 9. Ng5 Qf5 10. Qb1 Qg4 11. f3 Qc4 12. b3 Qxc3+ 13. Kf2 1-0

[Event "AUTO-OPEN-3348"]
[Site "http://www.queenalice.com/game.php?id=1313557"]
[Date "2014.10.8"]
[Round "1"]
[White "NPS_Farwizah89"]
[Black "ALDROB"]
[Result "0-1"]
[WhiteElo "1455"]
[BlackElo "1809"]

1. d4 Nf6 2. h4 g6 3. Qd3 Bg7 4. Nf3 Nc6 5. Ne5 Nxe5 6. Qe3 Neg4 7. Qa3 O-O 8.
f3 Nh6 9. Bd2 Nf5 10. e3 d6 11. Ke2 Ng3+ 12. Kf2 Nxh1+ 13. Kg1 Ng3 14. Bd3 e5
15. Be1 Nfh5 16. Kh2 Qxh4+ 17. Kg1 Qh1+ 18. Kf2 e4 19. Bf1 Qxf1# 0-1

[Event "AUTO-OPEN-3348"]
[Site "http://www.queenalice.com/game.php?id=1313558"]
[Date "2014.10.8"]
[Round "1"]
[White "ALDROB"]
[Black "NPS_Farwizah89"]
[Result "1-0"]
[WhiteElo "1663"]
[BlackElo "1514"]

1. b4 b5 2. Bb2 Nc6 3. a3 d5 4. e3 Ba6 5. Nf3 Qd6 6. Be2 O-O-O 7. O-O Nf6 8. Nc3
Ne4 9. Nxb5 Qg6 10. c4 Ng5 11. Nh4 Qf5 12. Nxf5 h6 13. h4 Ne4 14. cxd5 Rxd5 15.
Nxg7 Nxd2 16. Ne6 fxe6 17. Kh2 Rg8 18. Nxa7+ Kb7 19. Nxc6 Bg7 20. Nxe7 Rgd8 21.
Nxd5 exd5 22. Qxd2 Bxb2 23. Qxb2 Bxe2 24. Qxe2 Kb6 25. a4 Rh8 26. Qb5+ Ka7 27.
Qxd5 1-0

[Event "AUTO-OPEN-3349"]
[Site "http://www.queenalice.com/game.php?id=1313803"]
[Date "2014.10.9"]
[Round "1"]
[White "blackwolf"]
[Black "NPS_Farwizah89"]
[Result "1-0"]
[WhiteElo "1849"]
[BlackElo "1456"]

1. d4 d5 2. c4 Nc6 3. Nf3 dxc4 4. e4 Bg4 5. Be2 Nf6 6. Nc3 Nh5 7. O-O Na5 8.
Qa4+ Nc6 9. d5 Qd7 10. dxc6 bxc6 11. Qxc4 f5 12. Be3 fxe4 13. Nxe4 e6 14. Ne5
Qd8 15. Bxg4 g6 16. Qxc6+ Ke7 17. Bg5+ Nf6 18. Bxf6# 1-0

[Event "AUTO-OPEN-3349"]
[Site "http://www.queenalice.com/game.php?id=1313804"]
[Date "2014.10.9"]
[Round "1"]
[White "NPS_Farwizah89"]
[Black "blackwolf"]
[Result "0-1"]
[WhiteElo "1502"]
[BlackElo "1862"]

1. d4 Nf6 2. e3 d5 3. Nf3 Bg4 4. Qe2 Nc6 5. c3 e5 6. h3 Bh5 7. dxe5 Nxe5 8. Nxe5
Bxe2 9. Bxe2 Bd6 10. Bb5+ c6 11. Nxc6 Qc7 12. Nd4+ Nd7 13. Nf5 O-O 14. c4 dxc4
15. Bxd7 Qxd7 16. Nd4 Rfe8 17. g4 Bb4+ 18. Bd2 Bxd2+ 19. Kxd2 b5 20. Na3 a6 21.
b3 Qd6 22. Ke2 Qxd4 23. Rac1 Qd3+ 24. Kf3 Qd5+ 25. e4 Qxe4+ 0-1

[Event "AUTO-OPEN-3349"]
[Site "http://www.queenalice.com/game.php?id=1313817"]
[Date "2014.10.9"]
[Round "1"]
[White "NPS_Farwizah89"]
[Black "alvm"]
[Result "0-1"]
[WhiteElo "1496"]
[BlackElo "1912"]

1. e4 c6 2. c4 d5 3. d3 dxe4 4. f3 exd3 5. Bxd3 Nf6 6. Qc2 Nbd7 7. Nd2 Nc5 8.
Be2 e5 9. Qc3 Bd6 10. Nh3 O-O 11. Nb3 e4 0-1

[Event "AUTO-OPEN-3349"]
[Site "http://www.queenalice.com/game.php?id=1313818"]
[Date "2014.10.9"]
[Round "1"]
[White "alvm"]
[Black "NPS_Farwizah89"]
[Result "1-0"]
[WhiteElo "1910"]
[BlackElo "1498"]

1. d4 d5 2. c4 c6 3. Nc3 e6 4. cxd5 Bb4 5. dxe6 fxe6 6. Nf3 Qa5 7. Bd2 Nf6 8. e3
Nd5 9. Ne4 Bxd2+ 10. Qxd2 b6 11. Bd3 Nb4 12. O-O 1-0

[Event "AUTO-OPEN-3355"]
[Site "http://www.queenalice.com/game.php?id=1314934"]
[Date "2014.10.13"]
[Round "1"]
[White "Mariahi"]
[Black "NPS_Farwizah89"]
[Result "1-0"]
[WhiteElo "1891"]
[BlackElo "1500"]

1. f4 f5 2. Nf3 g6 3. e3 e6 4. b3 d5 5. Bb2 Bb4 6. Bxh8 Nf6 7. a3 Bc5 8. Bxf6
Qxf6 9. Nc3 Na6 10. Bxa6 bxa6 11. O-O 1-0

[Event "AUTO-OPEN-3355"]
[Site "http://www.queenalice.com/game.php?id=1314935"]
[Date "2014.10.13"]
[Round "1"]
[White "NPS_Farwizah89"]
[Black "Mariahi"]
[Result "0-1"]
[WhiteElo "1500"]
[BlackElo "1889"]

1. d4 d6 2. c3 Nf6 3. e3 g6 4. f4 Bg7 5. Bb5+ c6 6. Ba4 O-O 7. Nh3 Bxh3 8. gxh3
Qd7 9. Na3 Qxh3 10. Nc2 Ne4 0-1

[Event "AUTO-OPEN-3356"]
[Site "http://www.queenalice.com/game.php?id=1315162"]
[Date "2014.10.13"]
[Round "1"]
[White "FisicaModerna"]
[Black "NPS_Farwizah89"]
[Result "1-0"]
[WhiteElo "1953"]
[BlackElo "1502"]

1. e4 e5 2. Nf3 d6 3. d4 f6 4. Bc4 Ne7 5. dxe5 fxe5 6. Nxe5 dxe5 7. Qf3 Qd4 8.
Bf7+ Kd8 9. O-O Nec6 10. Rd1 Qd7 11. Rxd7+ Kxd7 12. Bg5 1-0

[Event "AUTO-OPEN-3356"]
[Site "http://www.queenalice.com/game.php?id=1315163"]
[Date "2014.10.13"]
[Round "1"]
[White "NPS_Farwizah89"]
[Black "FisicaModerna"]
[Result "0-1"]
[WhiteElo "1502"]
[BlackElo "1945"]

1. e3 e5 2. e4 Nf6 3. Bd3 d5 4. f3 Bc5 5. Ne2 dxe4 6. fxe4 O-O 7. Rf1 Be6 8.
Nbc3 Nc6 9. Bb5 Ng4 10. Rh1 Qh4+ 11. Ng3 Bf2+ 0-1

[Event "AUTO-OPEN-3356"]
[Site "http://www.queenalice.com/game.php?id=1315184"]
[Date "2014.10.13"]
[Round "1"]
[White "antcabral"]
[Black "NPS_Farwizah89"]
[Result "1-0"]
[WhiteElo "1794"]
[BlackElo "1486"]

1. e4 e5 2. Qh5 g6 3. Qxe5+ Be7 4. Qxh8 Kf8 5. d3 Bb4+ 6. c3 Nc6 7. Bh6+ Ke7 8.
Bg5+ Nf6 9. Qxf6+ Ke8 10. Qh8+ Bf8 11. Bxd8 Nxd8 12. Nf3 Ke7 13. Qe5+ Ne6 14.
Ng5 f6 15. Qd5 Nxg5 16. e5 1-0

[Event "AUTO-OPEN-3356"]
[Site "http://www.queenalice.com/game.php?id=1315185"]
[Date "2014.10.13"]
[Round "1"]
[White "NPS_Farwizah89"]
[Black "antcabral"]
[Result "0-1"]
[WhiteElo "1490"]
[BlackElo "1790"]

1. e3 e5 2. d4 Bd6 3. f4 exf4 4. Bd2 Qe7 5. a3 fxe3 6. Bb4 c5 7. Ba5 b6 8. Bc3
Nf6 9. Nf3 Bb7 10. Ne5 Ne4 11. Qf3 Bd5 12. Qxe3 cxd4 13. Bxd4 O-O 14. Ng4 f5 0-1

[Event "AUTO-OPEN-3356"]
[Site "http://www.queenalice.com/game.php?id=1315198"]
[Date "2014.10.13"]
[Round "1"]
[White "NPS_Farwizah89"]
[Black "rubenov"]
[Result "0-1"]
[WhiteElo "1492"]
[BlackElo "1900"]

1. e3 e5 2. d4 exd4 3. c3 dxc3 4. Nxc3 Nf6 5. Ne4 Nxe4 6. Bd3 Nf6 7. Nf3 d6 8.
e4 Nbd7 9. Nd4 Ne5 10. Bb5+ Bd7 11. Bg5 Be7 12. Qa4 O-O 13. Bf4 Ng6 14. Nf5 Bxf5
15. exf5 Nxf4 16. Qxf4 c6 17. Bc4 d5 18. Bb3 Bd6 19. Qd4 Re8+ 20. Kd2 Be5 21.
Qc5 Ne4+ 22. Kd3 Nxc5+ 0-1

[Event "AUTO-OPEN-3356"]
[Site "http://www.queenalice.com/game.php?id=1315199"]
[Date "2014.10.13"]
[Round "1"]
[White "rubenov"]
[Black "NPS_Farwizah89"]
[Result "1-0"]
[WhiteElo "1898"]
[BlackElo "1494"]

1. d4 d6 2. Bg5 f6 3. Bh4 b6 4. Nf3 e5 5. dxe5 Nc6 6. exf6 Nxf6 7. e3 Qe7 8. Bb5
Bd7 9. O-O a6 10. Bc4 Na5 11. Bd3 d5 12. Nbd2 Qb4 13. b3 Qc3 14. e4 dxe4 15.
Nxe4 Qc6 16. Nxf6+ Ke7 17. Nxd7+ Kxd7 18. Bf5+ Ke8 19. Re1+ Kf7 20. Ne5+ Ke8 21.
Nxc6+ Be7 22. Qd7+ Kf7 23. Qxe7+ 1-0